000 00750nam a2200253Ia 4500
003 OSt
005 20220928124332.0
006 a|||||r|||| 00| 0
007 ta
008 220927b |||||||| |||| 00| 0 hin d
020 _c700
024 _a125382
037 _b64, 12/11/2014, Literacy House
_cTextual
040 _aSDCL
_cSDCL
_bhin
041 _2hin
_ahin
082 _aR66xL40,1, Q4
100 _aVedanti Swami Raghavachary
_9464447
245 0 _aBhartiydarshneshu kevlyavdharna
260 _aJaipur
_bRachana Prakashan
_c2014
300 _axv;366p
_ccm.
650 _aSanskrit
_9391587
942 _hR66xL40,1, Q4
_cTEXL
_2CC
999 _c777356
_d777356